| 000 | 00938cam a2200289 4500 | ||
|---|---|---|---|
| 001 | M2184 | ||
| 005 | 20260105163152.0 | ||
| 008 | 090401t1996 xxu||||| |||| 00| 0 eng d | ||
| 035 | _a(Sirsi) u37021 | ||
| 041 | _aeng | ||
| 050 | _a331.2 | ||
| 090 | _aRICS 1996/72ABCD | ||
| 110 |
_aRoyal Institution of Chartered Surveyors _94900 |
||
| 245 | _aAgreement with conditions of engagement for the appointment of an agent to let residential property in the private sector | ||
| 260 |
_aLondon _bRICS _c1996 |
||
| 300 |
_a10p. _c30cm. |
||
| 350 | _a6.99 | ||
| 490 | _aRICS Conditions of Engagement | ||
| 490 | _aRICS Standard Form | ||
| 520 | _aSuperseded by revised edition (M94452). | ||
| 650 | _aLETTING AGENTS | ||
| 650 | _aPRIVATE SECTOR | ||
| 650 |
_aRESIDENTIAL PROPERTY _96266 |
||
| 690 | _aPROPERTY-RESIDENTIAL PROPERTY-RESIDENTIAL LANDLORD AND TENANT-RESIDENTIAL TENANCIES | ||
| 942 |
_n0 _2ddc |
||
| 948 | _c04/03/1997 | ||
| 999 |
_c90421 _d90421 |
||